| 000 -LEADER |
| fixed length control field |
00685nam a2200229 4500 |
| 001 - CONTROL NUMBER |
| control field |
22595 |
| 003 - CONTROL NUMBER IDENTIFIER |
| control field |
BD-DhUAP |
| 005 - DATE AND TIME OF LATEST TRANSACTION |
| control field |
20250306112902.0 |
| 008 - FIXED-LENGTH DATA ELEMENTS--GENERAL INFORMATION |
| fixed length control field |
250306b20002023ii p|||| |||| 001 0beng d |
| 020 ## - INTERNATIONAL STANDARD BOOK NUMBER |
| International Standard Book Number |
978817177385-5 |
| 040 ## - CATALOGING SOURCE |
| Original cataloging agency |
BD-DhUAP |
| Language of cataloging |
ENG |
| Transcribing agency |
BD-DhUAP |
| Modifying agency |
BD-DhUAP |
| 082 ## - DEWEY DECIMAL CLASSIFICATION NUMBER |
| Edition number |
23rd ed. |
| Classification number |
382 KHA |
| 100 ## - MAIN ENTRY--PERSONAL NAME |
| Personal name |
Bagchi, Jayanta |
| 245 ## - TITLE STATEMENT |
| Title |
World trade organisation, an Indian perspective / |
| Statement of responsibility, etc. |
Jayanta Bagchi, H. R. Khan |
| 250 ## - EDITION STATEMENT |
| Edition statement |
2nd ed. |
| 260 ## - PUBLICATION, DISTRIBUTION, ETC. |
| Place of publication, distribution, etc. |
Kolkata: |
| Name of publisher, distributor, etc. |
Eastern Law House, |
| Date of publication, distribution, etc. |
2023. |
| 300 ## - PHYSICAL DESCRIPTION |
| Extent |
283p.: |
| Other physical details |
ill.; |
| Dimensions |
24 cm. |
| 504 ## - BIBLIOGRAPHY, ETC. NOTE |
| Bibliography, etc. note |
Includes bibliographical references and index . |
| 650 ## - SUBJECT ADDED ENTRY--TOPICAL TERM |
| Topical term or geographic name entry element |
World Trade Organization |
| 700 ## - ADDED ENTRY--PERSONAL NAME |
| Personal name |
H. R. Khan |
| 942 ## - ADDED ENTRY ELEMENTS (KOHA) |
| Source of classification or shelving scheme |
|
| Koha item type |
Book |